000 01015cam a22003374a 4500
008 010326s2001 sp 000 1 spa
010 _a 2001414994
020 _a8483101610
040 _aDLC
_cDLC
_dDLC
043 _ae-sp---
050 0 0 _aPQ6653.E62
_bS66 2001
082 0 0 _a863.64
_221
092 0 4 _a863.64
_bC412s
_221
099 _a04
_a863.64 C412s
100 1 _aCercas, Javier,
_d1962-
245 1 0 _aSoldados de Salamina /
_cJavier Cercas.
250 _a1a. ed.
260 _aBarcelona :
_bTusquets Editores,
_c2001.
300 _a209 p. ;
_c22 cm.
490 0 _aColeccion Andanzas ;
_v433
600 1 0 _aCercas, Javier,
_d1962-
600 1 0 _aSanchez-Mazas, Rafael,
_d1894-1966
_vFiction.
650 0 _aSpanish fiction
_y20th century.
651 0 _aSpain
_xHistory
_yCivil War, 1936-1939
_vFiction.
830 0 _aColeccion Andanzas ;
_v433.
902 _a2
905 _aJamal
_eCat.
905 _aJihan
_eRev.
942 _2ddc
_cBK
999 _c125503
_d125503